Memoria. Corrientes interpretativas y metodologicas predominantes en análisis del movimiento obrero /
Uloženo v:
| Korporace: | , |
|---|---|
| Médium: | Text |
| Vydáno: |
Cuenca:
Universidad de Cuenca. Instituto de Investigaciones Sociales
|
| Témata: | |
| Tagy: |
Přidat tag
Žádné tagy, Buďte první, kdo vytvoří štítek k tomuto záznamu!
|
MARC
| LEADER | 00000 a a2200000 04500 | ||
|---|---|---|---|
| 001 | 32166 | ||
| 003 | |||
| 040 | |||
| 090 | |a 201200 | ||
| 110 | |a Universidad de Cuenca. Instituto de Investigaciones Sociales | ||
| 245 | |a Memoria. Corrientes interpretativas y metodologicas predominantes en análisis del movimiento obrero / |c Universidad de Cuenca. Instituto de Investigaciones Sociales | ||
| 260 | |a Cuenca: |b Universidad de Cuenca. Instituto de Investigaciones Sociales | ||
| 300 | |a 213 p.; 1 vol | ||
| 650 | |a ORGANIZACIONES DE TRABAJADORES | ||
| 650 | |a INVESTIGACION SOCIAL | ||
| 650 | |a TEORIA ECONOMICA | ||
| 650 | |a METODOLOGIA | ||
| 650 | |a MARXISMO | ||
| 650 | |a AMERICA LATINA | ||
| 710 | |a IDIS | ||
| 999 | |c 17591 |d 17591 | ||
